Urban Agglomeration - Letter A - Statistics

General Stats
  • This quiz has been taken 48 times
  • The average score is 8 of 13
Answer Stats
Second Letter Answer % Correct
M Amman | Amsterdam
87%
S Ashgabat | Asmara | Astana | Asunción
87%
B Aba | Abidjan | Abu Dhabi | Abuja
82%
N Angeles | Ankara | Antalya | Antananarivo | Antwerp
82%
D Adana | Addis Ababa | Adelaide
79%
T Athens | Atlanta
77%
C Accra
74%
U Auckland | Austin
67%
L Aleppo | Alexandria | Algiers | Almaty
64%
A Aachen
54%
G Agadir | Aguascalientes
28%
H Ahvaz
15%
R Arequipa | Arusha
15%
No matching quizzes found
Score Distribution
Percent of People with Each Score
Percentile by Number Answered
Your Score History
You have not taken this quiz